| 000 | 00596nam a2200181 i 4500 | ||
|---|---|---|---|
| 001 | 35878 | ||
| 003 | ES-MaACL | ||
| 005 | 20251011063058.0 | ||
| 007 | t| | ||
| 008 | 030214s1933 fr ||||1| fre d | ||
| 100 | 1 |
_aBouquet de La Grye, Anatole, _d1827-1909 _9147784 |
|
| 245 | 1 | 0 |
_aGuide du forestier / _cpar A. Bouquet de la Grye ; redaction entierement nouvelle sur un plan remaine et augmenté par L. Parolé. |
| 260 |
_aParís : _b[Firmin Didot], _c1933. |
||
| 300 |
_a387 p. ; _c19 cm. |
||
| 700 | 1 |
_aParolé, L. _989213 |
|
| 852 |
_aES-MaACL _jB-12860 |
||
| 999 |
_c35878 _d35878 |
||